00974nam a22002657a 45000010005000000030006000050050017000110080041000280200018000690400029000870500015001160820010001311000018001412450101001592600070002603000050003304900029003805050008004095200161004175210020005785210020005986500032006186500030006507000028006809787FISKH20260224115341.0260224b cb ||||| |||| 00| 0 eng d a9780547691183 aFISKHbengcFISKHdFISKH aPZ7 .Z2583 a513.5 aZappy , Erica aHome run / cAdaptation by Erica Zappy : Based on the TV series teleplay written by Lazar Saric  aBoston :bHoughton Mifflin Harcourt Publishing Company ,c2012 .  a22 pages : bcolor illustrations ; c23 cm .  aCurious George vLevel 1 aH  aCurious George goes to his first baseball game and discovers that he needs to know about numbers to keep score. Includes rules of the game and an activity. 8 a460 bLexile 8 aH bRaz-Plus  aBilingualvChildren's Books aNumbersvChildren's Books aPala , AnjalieDesigner